000 00656nam a2200229 i 4500
001 95496
003 ES-MaACL
005 20230906181722.0
007 t|
008 050530s1973 sp ||||1| spa d
020 _a84-315-4855-X
080 _a291.337
100 1 _aLlaugé Dausá, Félix.
_972729
245 1 0 _aTodo sobre amuletos y talismanes /
_cFélix Llaugé Dausá.
260 _aBarcelona :
_bDe Vecchi,
_c1973.
300 _a150 p. :
_bil. ;
_c20 cm.
490 1 _aBiblioteca práctica De Vecchi
650 _aAmuletos.
_99760
830 1 _aBiblioteca práctica De Vecchi
_9186811
852 4 _aES-MaACL
_jC-54506
999 _c95496
_d95496